Geography Quiz

Random Geography or City Quiz

Roads to European Capitals Quiz Stats

 Plays Quiz Updated Sep 29, 2019

Score 0/47 Timer 04:00
21 Plays Today
% Correct
Athens
94.5%
Ankara
93.2%
Dublin
92.2%
London
92.2%
Madrid
91.2%
Moscow
91.1%
Lisbon
90.6%
Paris
90.5%
Amsterdam
90.3%
Copenhagen
90.1%
Brussels
89.9%
Berlin
87.9%
Reykjavík
87.8%
Stockholm
86.5%
Andorra la Vella
86.3%
Oslo
85.3%
Luxembourg
85.1%
Monaco
82.8%
Warsaw
81.6%
Vatican City
81.6%
Helsinki
80.9%
Kyiv
78.7%
San Marino
77.9%
Minsk
76.6%
% Correct
Nicosia
71.4%
Vilnius
70.5%
Zagreb
69.4%
Rome
69%
Budapest
68%
Sofia
67.8%
Vienna
67.5%
Prague
67.2%
Tallinn
66.8%
Tirana
64.9%
Valletta
64.7%
Belgrade
64.3%
Chisinau
63.2%
Bucharest
62.2%
Riga
61.4%
Ljubljana
61.4%
Bern
60.3%
Bratislava
58.7%
Vaduz
58.3%
Sarajevo
55.3%
Skopje
52%
Pristina
49.7%
Podgorica
44.7%

You're not logged in!

Compare scores with friends on all Sporcle quizzes.
OR
Log In

Sporcle TV

Today on Sporcle TV


Watch our educational content, quiz creation guides, and fun videos on Sporcle TV.

Show Comments

Extras

Top Quizzes Today


Score Distribution

Your Account Isn't Verified!

In order to create a playlist on Sporcle, you need to verify the email address you used during registration. Go to your Sporcle Settings to finish the process.

Report this User

Report this user for behavior that violates our Community Guidelines.

Details: